=LDR 00000nam 2200000 4500 =001 000375 =005 20250710030458 =035 ##$$a 0010-0725000234 =007 ta =008 250710################a##########0#ind## =020 ##$$a 978-623-307-261-8 =082 ##$$a 398.209 598 =084 ##$$a 398.209 598 R V a =100 #$$a R Vinitha =245 1#$$a Ampa dan burung burung-burung pipit /$c Vinitha R =250 ##$$a Cetakan pertama =260 ##$$a Rawamangun :$b Badan pengembangan dan pusat bahasa,$c 2022 =300 ##$$a 16 hlm. : $b Ilus. ; $c 21 cm. =650 #4$$a Cerita anak indonesia-terjemahan =650 #4$$a Literasi-bahan bacaan =990 ##$$a TBM00950095